Lata / (Record no. 87549)
[ view plain ]
| 000 -LEADER | |
|---|---|
| campo de control de longitud fija | 00630nam a2200193 i 4500 |
| 001 - NÚMERO DE CONTROL | |
| campo de control | 87549 |
| 003 - IDENTIFICADOR DE NÚMERO DE CONTROL | |
| campo de control | ES-MaACL |
| 005 - FECHA Y HORA DE LA ÚLTIMA TRANSACCIÓN | |
| campo de control | 20250825064037.0 |
| 007 - CAMPO FIJO DE DESCRIPCIÓN FÍSICA--INFORMACIÓN GENERAL | |
| campo de control de longitud fija | t| |
| 008 - DATOS DE LONGITUD FIJA--INFORMACIÓN GENERAL | |
| campo de control de longitud fija | 041222s1969 sp ||||1| spa d |
| 100 1# - ENTRADA PRINCIPAL--NOMBRE DE PERSONA | |
| Nombre de persona | Labarta, Francisco. |
| 9 (RLIN) | 69216 |
| 245 10 - MENCIÓN DEL TÍTULO | |
| Título | Lata / |
| Mención de responsabilidad, etc. | [seud.] ; prólogo de Cesáreo Rodríguez Aguilera ; traducción y notas de José Mª Cadena. |
| 260 ## - PUBLICACIÓN, DISTRIBUCIÓN, ETC. | |
| Lugar de publicación, distribución, etc. | [Barcelona] : |
| Nombre del editor, distribuidor, etc. | Taber, |
| Fecha de publicación, distribución, etc. | [1969] |
| 300 ## - DESCRIPCIÓN FÍSICA | |
| Extensión | 219 p. : |
| Otras características físicas | il. ; |
| Dimensiones | 28 cm. |
| 700 1# - ENTRADA AGREGADA--NOMBRE PERSONAL | |
| Nombre de persona | Rodríguez Aguilera, Cesáreo. |
| 9 (RLIN) | 98320 |
| 700 1# - ENTRADA AGREGADA--NOMBRE PERSONAL | |
| Nombre de persona | Cadena, Josep M. |
| Fechas asociadas al nombre | 1935- |
| 9 (RLIN) | 143876 |
| 852 ## - LOCALIZACIÓN | |
| Ubicación | ES-MaACL |
| Número de control de estantería | C-37488 |
| Sublocalización o colección | R.72308 |
| Estatus retirado | Estado de pérdida | Estado de daño | No para préstamo | Biblioteca de origen | Biblioteca actual | Ubicación en estantería | Fecha de adquisición | Fuente de adquisición | Total de préstamos | Signatura topográfica completa | Código de barras | Visto por última vez | Precio de reemplazo | Tipo de ítem Koha |
|---|---|---|---|---|---|---|---|---|---|---|---|---|---|---|
| Biblioteca del Ateneo de Madrid | Biblioteca del Ateneo de Madrid | Depósito 2 | 17/01/2008 | C-37488 | 1091465 | 23/02/2023 | 23/02/2023 | Libro impreso |
